Detalles MARC
| 000 -LEADER |
| longitud fija campo de control |
02150nam a22004577a 4500 |
| 003 - IDENTIFICADOR DE NUMERO DE CONTROL |
| control del campo |
AR-RoUNA |
| 005 - FECHA DE LA ULTIMA MODIFICACION |
| control del campo |
20250422114108.0 |
| 008 - CAMPO DE CONTROL - LIBROS |
| longitud fija campo de control |
250422b |||||||| |||| 00| 0 spa d |
| 020 ## - INTERNATIONAL STANDARD BOOK NUMBER |
| ISBN |
958-8051-789 |
| 040 ## - ORIGEN DE LA CATALOGACION |
| Agencia que cataloga la obra original |
AR-RoUNA |
| Idioma en que se cataloga |
spa |
| Entidad que modifico el registro |
AR-RoUNA |
| 041 ## - CODIGO DE IDIOMA |
| Codigo de idioma del texto / sonido o titulo separado |
spa |
| 044 ## - CODIGO DE PAIS / ENTIDAD PRODUCTORA |
| Codigo MARC del pais |
ag |
| 245 ## - TITULO PROPIAMENTE DICHO |
| Titulo |
La ciudad |
| Subtitulo |
: hábitat de diversidad y complejidad / |
| Mencion de responsabilidad, etc |
compiladores Carlos Alberto Torres Tovar; Fernando Viviescas Monsalve y Edmundo Pérez Hernández. |
| 260 ## - EDITORIAL - PUBLICACION, DISTRIBUCION, ETC. (Pie de imprenta) |
| Lugar de publicacion, distribucion, etc |
Santa Fe de Bogotá (Colombia): |
| Nombre del editor, distribuidor, etc |
Universidad Nacional de Colombia, Sede Santafé de Bogotá, |
| Fecha de publicacion |
2000 |
| 300 ## - DESCRIPCION FISICA |
| Extension |
349 p. |
| Dimensiones |
24x17 cm. |
| 505 0# - NOTA DE CONTENIDO CON FORMATO |
| Título |
CONTENIDO |
| 505 0# - NOTA DE CONTENIDO CON FORMATO |
| Título principal |
Víctor Manuel Moncayo Cruz / La problemática urbana hoy. p. 19 |
| 505 0# - NOTA DE CONTENIDO CON FORMATO |
| Título principal |
Gustavo Montañez Gómez / pensar la ciudad. p. 31 |
| 505 0# - NOTA DE CONTENIDO CON FORMATO |
| Título |
LA CIUDAD Y EL SIGLO XX |
| 505 0# - NOTA DE CONTENIDO CON FORMATO |
| Título principal |
Fernando Viviescas / pensar la ciudad colombiana: el reto del siglo XXi. p. 40 |
| 505 0# - NOTA DE CONTENIDO CON FORMATO |
| Título |
LA CIUDAD EN LA REFLEXION FILOSOFICA |
| 505 0# - NOTA DE CONTENIDO CON FORMATO |
| Título principal |
Bernardo Correa / La ciudad en la reflexión filosófica. p. 64 |
| 505 0# - NOTA DE CONTENIDO CON FORMATO |
| Título principal |
Rubén Jaramillo Vélez / el rencor ante la ciudad. p. 72 |
| 505 0# - NOTA DE CONTENIDO CON FORMATO |
| Título |
EL PENSAR Y LA CONSTRUCCION DE LA CIUDADANIA |
| 505 0# - NOTA DE CONTENIDO CON FORMATO |
| Título principal |
Guillermo Hoyos Vázquez / Ética para ciudadanos. p. 82 |
| 505 0# - NOTA DE CONTENIDO CON FORMATO |
| Título principal |
Armando Silva téllez / Ciudadano, mente y tecnología. p. 109 |
| 505 0# - NOTA DE CONTENIDO CON FORMATO |
| Título |
LA CIUDAD EN LA HISTORIA |
| 505 0# - NOTA DE CONTENIDO CON FORMATO |
| Título principal |
Fabio Zambrano P. / La ciudad en la historia. p. 122 |
| 505 0# - NOTA DE CONTENIDO CON FORMATO |
| Título |
LA ARQUITECTURA EN LA CIUDAD |
| 505 0# - NOTA DE CONTENIDO CON FORMATO |
| Título principal |
Silvia Arango y Rogelio Salmona / La arquitectura en la ciudad. p. 150 |
| 505 0# - NOTA DE CONTENIDO CON FORMATO |
| Título |
LA CIUDAD Y LA SIGNIFICACION CULTURAL DE SU CONSTRUCCION |
| 505 0# - NOTA DE CONTENIDO CON FORMATO |
| Título principal |
Alberto Saldarriaga / Imagen y memoria en la construcción cultural del a ciudad. p. 154 |
| 505 0# - NOTA DE CONTENIDO CON FORMATO |
| Título principal |
Juan Carlos Pérgolis / LA Plaza de Bolívar de Bogotá. p. 167 |
| 650 ## - MATERIA - TERMINO TEMATICO |
| Término temático general |
Urbanismo |
| Subdivisión de formulario |
Ciudad |
| -- |
Hábitat |
| 700 ## - ENTRADA SECUNDARIA - NOMBRES PERSONALES |
| Nombre personal |
Torres Tovas, Carlos Alberto |
| Función |
comp. |
| 9 (RLIN) |
27067 |
| 700 ## - ENTRADA SECUNDARIA - NOMBRES PERSONALES |
| Nombre personal |
Viviescas Monsalve, Fernando |
| 9 (RLIN) |
27068 |
| Función |
comp. |
| 700 ## - ENTRADA SECUNDARIA - NOMBRES PERSONALES |
| Nombre personal |
Pérez Hernández, Edmundo |
| Función |
comp. |
| 9 (RLIN) |
27069 |
| 942 ## - FUENTE DE CLASIFICACION |
| Clasificacion |
Universal Decimal Classification |
| 945 ## - INFORMACION DE PROCESAMIENTO |
| Fecha de ingreso o modificacion |
2025-04-22 |
| 980 ## - DECLARACIÓN DE EQUIVALENCIA O SERIE DE REFERENCIA CRUZADA - NOMBRE / TÍTULO PERSONAL [LOCAL, CANADÁ] |
| Código del operador |
5 |
| Nombre del operador |
María Machado |
| Código del operador que modifico el registro |
5 |
| Nombre del operador que modifico el registro |
María Machado |